[Event "WchT Seniors 65"]
[Site "Hersonissos"]
[Date "2017.05.02"]
[Round "9.1"]
[White "Scholes, James Edward"]
[Black "Werner, Clemens"]
[Result "0-1"]
[WhiteElo "2071"]
[BlackElo "2346"]
[PlyCount "165"]
[EventDate "2017.04.24"]
[EventType "team-swiss"]
[EventRounds "9"]
[EventCountry "GRE"]
[SourceTitle "CBM 178 Extra"]
[Source "ChessBase"]
[SourceDate "2017.06.22"]
[SourceVersion "1"]
[SourceVersionDate "2017.06.22"]
[SourceQuality "1"]
[WhiteTeam "England II"]
[BlackTeam "Germany"]
[WhiteTeamCountry "ENG"]
[BlackTeamCountry "GER"]

1. d4 Nf6 2. Nf3 e6 3. Bf4 c5 4. e3 Be7 5. c3 Nh5 6. Bg3 b6 7. Nbd2 Bb7 8. Qc2 h6 9. Be2 d6 10. 0-0-0 cxd4 11. exd4 Nd7 12. Kb1 Nxg3 13. hxg3 Qc7 14. Bd3 0-0-0 15. Be4 Nf6 16. Bxb7+ Qxb7 17. Rhe1 Ng4 18. Re2 Kb8 19. Qd3 g6 20. Ne1 h5 21. Qf3 Rdf8 22. Nd3 Nf6 23. Qxb7+ Kxb7 24. Rh1 b5 25. f3 Rc8 26. Ne4 Nd5 27. Nf4 Nb6 28. Nh3 Rhf8 29. Rd1 a5 30. Nf4 d5 31. Nd2 Bd6 32. Nd3 Na4 33. Rc1 Bxg3 34. Nb3 Ra8 35. f4 Kc7 36. Re3 Bh4 37. Nbc5 Nxc5 38. Nxc5 Rae8 39. g3 Be7 40. Nd3 Bd6 41. b3 Rb8 42. Rf1 Rbc8 43. Kb2 Kd7 44. a3 Rg8 45. Rh1 Ke7 46. Ne5 a4 47. b4 Bxe5 48. Rxe5 Rh8 49. Re3 Kf6 50. Re5 Kg7 51. Re3 Kf6 52. Re5 Ke7 53. Re3 Kd6 54. Kc2 Kd7 55. Kd2 Rce8 56. Kd3 Rh7 57. g4 Reh8 58. g5 Rc8 59. Rhe1 Rc6 60. Rh3 Rh8 61. Kd2 Rf8 62. Re5 f6 63. gxf6 Rxf6 64. Rh4 Rc8 65. Rg5 Ke7 66. Kd3 Kf7 67. Re5 Rg8 68. Rg5 Rh8 69. Ke3 Rf5 70. Rg3 Kf6 71. Rh1 g5 72. fxg5+ Rxg5 73. Rf1+ Rf5 74. Rfg1 h4 75. Rg6+ Ke7 76. Rg7+ Rf7 77. Rxf7+ Kxf7 78. Kf4 h3 79. Rh1 h2 80. Ke5 Ke7 81. Kf4 Kf6 82. Kg3 Kf5 83. Kg2 0-1

[Event "EU-chT Seniors"]
[Site "Sibenik"]
[Date "2014.04.08"]
[Round "8.2"]
[White "Gavrilov, Alexei"]
[Black "Scholes, James Edward"]
[Result "1-0"]
[WhiteElo "2466"]
[BlackElo "2103"]
[PlyCount "81"]
[EventDate "2014.04.01"]
[EventType "team-swiss"]
[EventRounds "9"]
[EventCountry "CRO"]
[SourceTitle "CBM 159 Extra"]
[Source "ChessBase"]
[SourceDate "2014.04.24"]
[SourceVersion "1"]
[SourceVersionDate "2014.04.24"]
[SourceQuality "1"]
[WhiteTeam "Russia Seniors"]
[BlackTeam "England Seniors"]
[WhiteTeamCountry "RUS"]
[BlackTeamCountry "ENG"]

1. d4 d5 2. c4 e6 3. Nc3 Be7 4. Nf3 Nf6 5. cxd5 exd5 6. Qc2 Nbd7 7. Bg5 c6 8. e3 0-0 9. Bd3 h6 10. Bh4 Re8 11. 0-0 Ne4 12. Bxe7 Qxe7 13. b4 Qxb4 14. Nxe4 dxe4 15. Bxe4 Qe7 16. Bh7+ Kh8 17. Bf5 Nf6 18. Rab1 Bxf5 19. Qxf5 Ne4 20. Rfc1 g6 21. Qf4 Kg7 22. h4 Rad8 23. Ne5 Nd6 24. a4 f6 25. Nd3 Qe4 26. Qxe4 Rxe4 27. Nc5 Re7 28. a5 Kf7 29. Rb3 a6 30. Rb6 Ra8 31. Rcb1 Ra7 32. d5 Nc4 33. Nxb7 cxd5 34. Nd8+ Kg7 35. Nc6 Rad7 36. Nxe7 Rxe7 37. Rxa6 Kf7 38. Ra8 Ke6 39. a6 Kf5 40. a7 Rc7 41. Ra1 1-0

[Event "EU-chT Seniors"]
[Site "Sibenik"]
[Date "2014.04.01"]
[Round "1.14"]
[White "Scholes, James Edward"]
[Black "Rantanen, Veikko J"]
[Result "1/2-1/2"]
[WhiteElo "2103"]
[BlackElo "1927"]
[PlyCount "74"]
[EventDate "2014.04.01"]
[EventType "team-swiss"]
[EventRounds "9"]
[EventCountry "CRO"]
[SourceTitle "CBM 159 Extra"]
[Source "ChessBase"]
[SourceDate "2014.04.24"]
[SourceVersion "1"]
[SourceVersionDate "2014.04.24"]
[SourceQuality "1"]
[WhiteTeam "England Seniors"]
[BlackTeam "Finland Turku Seniors"]
[WhiteTeamCountry "ENG"]
[BlackTeamCountry "FIN"]

1. c4 Nf6 2. Nc3 d5 3. cxd5 Nxd5 4. g3 g6 5. Bg2 Nb6 6. d3 Bg7 7. Nf3 N8d7 8. 0-0 0-0 9. e4 c6 10. a4 a5 11. Be3 Nf6 12. h3 Re8 13. Qb3 Nbd7 14. Ng5 e6 15. d4 h6 16. Nf3 Qb6 17. Qc2 Qb4 18. Rfd1 b6 19. b3 Bb7 20. Ne1 Rac8 21. Nd3 Qe7 22. Qd2 Kh7 23. e5 Nd5 24. Ne4 Rc7 25. Nd6 Rf8 26. Rac1 Ba8 27. f4 c5 28. dxc5 Nxe3 29. Qxe3 Bxg2 30. Kxg2 bxc5 31. Nxc5 Nb6 32. Nxe6 Qxe6 33. Qxb6 Rxc1 34. Rxc1 Qd5+ 35. Kg1 Qd3 36. Qf2 Qxb3 37. Rc2 Qxa4 1/2-1/2

[Event "EU-chT Seniors 11th"]
[Site "Velden"]
[Date "2009.04.06"]
[Round "2"]
[White "Scholes, James Edward"]
[Black "Koskinen, Veikko"]
[Result "1/2-1/2"]
[WhiteElo "2110"]
[BlackElo "1999"]
[PlyCount "36"]
[EventDate "2009.04.05"]
[EventType "team-swiss"]
[EventRounds "9"]
[EventCountry "AUT"]
[SourceTitle "CBM 129 Extra"]
[Source "ChessBase"]
[SourceDate "2009.05.05"]
[SourceVersion "2"]
[SourceVersionDate "2009.05.20"]
[SourceQuality "1"]

1. c4 f5 2. Nc3 Nf6 3. g3 g6 4. Bg2 Bg7 5. d3 0-0 6. e4 fxe4 7. dxe4 d6 8. h3 c5 9. Nge2 Nc6 10. 0-0 e5 11. Be3 Be6 12. b3 Nd4 13. f4 Qd7 14. Kh2 Bg4 15. fxe5 Bxe2 16. Nxe2 dxe5 17. Nc3 Rf7 18. Qd2 Raf8 1/2-1/2

[Event "EU-chT Seniors 11th"]
[Site "Velden"]
[Date "2009.04.05"]
[Round "1"]
[White "Lehtosaari, Kalevi"]
[Black "Scholes, James Edward"]
[Result "1/2-1/2"]
[WhiteElo "2031"]
[BlackElo "2110"]
[PlyCount "93"]
[EventDate "2009.04.05"]
[EventType "team-swiss"]
[EventRounds "9"]
[EventCountry "AUT"]
[SourceTitle "CBM 129 Extra"]
[Source "ChessBase"]
[SourceDate "2009.05.05"]
[SourceVersion "2"]
[SourceVersionDate "2009.05.20"]
[SourceQuality "1"]

1. Nf3 c5 2. c4 d6 3. Nc3 e5 4. e3 f5 5. d3 Nf6 6. Be2 g6 7. 0-0 Bg7 8. Nd2 0-0 9. Nb3 Nc6 10. d4 b6 11. Bf3 e4 12. Be2 Bb7 13. Nd5 a6 14. Nc3 Rc8 15. a4 Kh8 16. a5 cxd4 17. Nxd4 Nxd4 18. exd4 Nd7 19. Bf4 Qf6 20. Qd2 g5 21. Bxg5 Qg6 22. g3 f4 23. Bxf4 Rf5 24. Be3 bxa5 25. Nd5 Bxd5 26. cxd5 Nf6 27. Rxa5 Nxd5 28. Rxa6 h5 29. b4 h4 30. b5 Rf3 31. Rc1 Rcf8 32. Bxf3 exf3 33. Kh1 hxg3 34. fxg3 f2 35. Bxf2 Bh6 36. Qc2 Qg4 37. Rf1 Qf3+ 38. Kg1 Ne3 39. Qc6 Qe2 40. Raa1 Nxf1 41. Rxf1 Be3 42. Qg2 Rxf2 43. Rxf2 Qe1+ 44. Qf1 Bxf2+ 45. Kg2 Qxf1+ 46. Kxf1 Bxd4 47. Ke2 1/2-1/2

[Event "EU-chT Seniors 09th"]
[Site "Dresden"]
[Date "2007.02.20"]
[Round "5"]
[White "Scholes, James Edward"]
[Black "Kuehn, Peter1111"]
[Result "1-0"]
[WhiteElo "2170"]
[BlackElo "2020"]
[PlyCount "58"]
[EventDate "2007.02.16"]
[EventType "team-swiss"]
[EventRounds "9"]
[EventCountry "GER"]
[SourceTitle "CBM 117 Extra"]
[Source "ChessBase"]
[SourceDate "2007.05.09"]
[SourceVersion "1"]
[SourceVersionDate "2007.05.09"]
[SourceQuality "1"]

1. c4 f5 2. Nc3 Nf6 3. d3 g6 4. e4 d6 5. Be2 fxe4 6. dxe4 Nc6 7. Be3 Bg7 8. h3 0-0 9. Qd2 a6 10. Nf3 Rb8 11. Qc2 Bd7 12. Rd1 Qe8 13. a3 Nd8 14. b4 Ne6 15. Nd4 Nxd4 16. Bxd4 e5 17. Be3 Be6 18. c5 Rd8 19. 0-0 d5 20. exd5 Nxd5 21. Bg5 Bf6 22. Ne4 Bf5 23. Nxf6+ Nxf6 24. Rxd8 Qxd8 25. Qc4+ Kg7 26. Rd1 Qe8 27. Qc1 Rf7 28. c6 bxc6 29. Bxa6 Ne4 1-0

[Event "EU-chT Seniors 09th"]
[Site "Dresden"]
[Date "2007.02.17"]
[Round "2"]
[White "Hohler, Peter"]
[Black "Scholes, James Edward"]
[Result "1/2-1/2"]
[WhiteElo "2169"]
[BlackElo "2170"]
[PlyCount "40"]
[EventDate "2007.02.16"]
[EventType "team-swiss"]
[EventRounds "9"]
[EventCountry "GER"]
[SourceTitle "CBM 117 Extra"]
[Source "ChessBase"]
[SourceDate "2007.05.09"]
[SourceVersion "1"]
[SourceVersionDate "2007.05.09"]
[SourceQuality "1"]

1. d4 e6 2. c4 c5 3. dxc5 Bxc5 4. e3 Nf6 5. Nf3 d5 6. a3 Be7 7. Nc3 0-0 8. cxd5 exd5 9. Be2 Nc6 10. 0-0 h6 11. b3 Be6 12. Bb2 Rc8 13. Rc1 Ne4 14. Nb5 Bf6 15. Nbd4 Nxd4 16. Nxd4 Rxc1 17. Qxc1 Qb6 18. Nxe6 Qxe6 19. Bxf6 Rc8 20. Qd1 Nxf6 1/2-1/2